00639nam a2200181Ia 4500952014200000999001700142003000400159005001700163008004100180040000900221082001800230100002600248245005500274260005700329300000900386650002000395942004200415 00102ddc40708ISLAMaMESbMEScISLd2019-02-20g30.00l2o297.63 HUS/Pp21147r2023-01-31 00:00:00s2023-01-31w2019-02-20yBKzGL46R4 c22362d22362OSt20211109121742.0190216s9999||||xx |||||||||||||| ||und|| coclc a297.63bHUS/P aHusain, S Athar92138 0aProphet Muhammad And His Mission /cS Athar Husain bIslamic Research And Publications,c1978.aLucknow: a214p aIslamic History cBK2ddch297.63iHUS/Pk297.63mHUS/P